01123nam a2200289 a 450000100060000000300080000600500170001400800410003102000300007203500190010204000270012104100080014808200330015610000350018924501140022426000420033830000250038050000220040552000420042765000510046965000570052065100340057770000440061194200130065599900170066895201480068552246BD-RjUL20211209075755.0950309s1994 bg b 001 0 eng  a9840512552 c: Tk. 550.00 a(BD-RjUL)52366 aDLCcDLCbengdBD-RjUL aeng00a016.3381095492223bALC 19942 aAli, A. M. M. Shawkat 915628210aA Comprehensive bibliography on agriculture and rural development /cA.M.M. Shawkat Ali, Mujibur Rahman Khan. aDhaka:bUniversity Press Ltd.,c1994. aiv, 497 p. ;c25 cm. aIncludes indexes. aChiefly with reference to Bangladesh. 0aAgriculturezBangladeshxBibliography.9156283 0aRural developmentzBangladeshxBibliography.9156284 0aBangladeshxImprints.91562851 aKhan, Mujibur Rahman, Jt. auth.9156286 2ddccREF c52246d52246 00102ddc40718REFaRUCLbRUCLcReferenced1997-07-23eAnrong, Dhakal0oR 016.3381095492 ALC 1994r2016-09-07 00:00:00tC-1w2016-09-07yREF